Arab Countries - Statistics

General Stats
  • This quiz has been taken 24 times
  • The average score is 19 of 22
Answer Stats
Answer % Correct
Iraq
100%
Egypt
95%
Kuwait
95%
Lebanon
95%
Libya
95%
Oman
95%
Saudi Arabia
95%
Syria
95%
Yemen
95%
Algeria
91%
Bahrain
91%
Morocco
91%
Qatar
91%
Sudan
91%
Tunisia
91%
UAE
91%
Jordan
86%
Djibouti
73%
Somalia
73%
Mauritania
64%
Comoros
59%
Palestine
59%
No matching quizzes found
Score Distribution
Percent of People with Each Score
Percentile by Number Answered
Your Score History
You have not taken this quiz